000 002440000a22001090004500
082 0 4 _aCD 093
245 1 0 _aTécnicas de la motivación infantil / Samira Thoumi
260 _aBogotá : Gamma
650 1 4 _aMotivación
001 1717
942 _cLGB
999 _c48875
_d48875